000 00664nam a2200241 i 4500
001 C2-0317766
003 PPAK
005 20180728113837.0
008 120926s2010 my |||| ||||| | may d
020 _a9789830972619
040 _aPPAK
_beng
_cPPAK
_erda
082 0 4 _a899.233
_223
090 0 0 _a899.233
_bNUR
_dG
100 0 _aNurulsham Saidin,
_d1972-
_eauthor
245 1 0 _aDi sini kami berteduh
264 1 _aPetaling Jaya, Selangor :
_bGaleri Ilmu Sdn. Bhd. ,
_c2010
300 _a361 pages ;
_c18 cm
336 _2rdacontent
_atext
337 _2rdamedia
_aunmediated
338 _2rdacarrier
_avolume
650 1 0 _aMalay fiction.
942 _ddc
_cB
999 _c118771
_d118771